<?xml version="1.0" encoding="UTF-8"?>
<collection xmlns="http://www.loc.gov/MARC21/slim">
 <record>
  <leader>02701nam a2200325 a 4500</leader>
  <controlfield tag="001">1/45278</controlfield>
  <controlfield tag="008">140821s1998    uk            001 0 eng  </controlfield>
  <datafield tag="020" ind1=" " ind2=" ">
   <subfield code="a">9780080517100 (electronic bk.)</subfield>
  </datafield>
  <datafield tag="020" ind1=" " ind2=" ">
   <subfield code="a">0080517102 (electronic bk.)</subfield>
  </datafield>
  <datafield tag="020" ind1=" " ind2=" ">
   <subfield code="a">0750641339</subfield>
  </datafield>
  <datafield tag="020" ind1=" " ind2=" ">
   <subfield code="a">9780750641333</subfield>
  </datafield>
  <datafield tag="035" ind1=" " ind2=" ">
   <subfield code="l">48238</subfield>
  </datafield>
  <datafield tag="040" ind1=" " ind2=" ">
   <subfield code="a">WAU</subfield>
   <subfield code="b">eng</subfield>
   <subfield code="c">WAU</subfield>
   <subfield code="d">TEF</subfield>
   <subfield code="d">YDXCP</subfield>
   <subfield code="d">BTCTA</subfield>
   <subfield code="d">DEBSZ</subfield>
   <subfield code="d">IDEBK</subfield>
   <subfield code="d">COO</subfield>
   <subfield code="d">AU@</subfield>
   <subfield code="d">OCLCQ</subfield>
   <subfield code="d">DEBBG</subfield>
   <subfield code="d">OCLCQ</subfield>
   <subfield code="d">UA@</subfield>
   <subfield code="d">KNOVL</subfield>
   <subfield code="d">ZCU</subfield>
   <subfield code="d">STF</subfield>
   <subfield code="d">OPELS</subfield>
   <subfield code="d">N$T</subfield>
   <subfield code="d">UWW</subfield>
   <subfield code="d">E7B</subfield>
   <subfield code="d">KNOVL</subfield>
   <subfield code="d">OCLCF</subfield>
   <subfield code="d">GR-PeUP</subfield>
  </datafield>
  <datafield tag="100" ind1="1" ind2=" ">
   <subfield code="a">Schneekluth, H.</subfield>
   <subfield code="q">(Herbert),</subfield>
   <subfield code="d">1921-</subfield>
  </datafield>
  <datafield tag="245" ind1="1" ind2="0">
   <subfield code="a">Ship design for efficiency and economy</subfield>
   <subfield code="h">[electronic resource] /</subfield>
   <subfield code="c">H. Schneekluth and V. Bertram.</subfield>
  </datafield>
  <datafield tag="250" ind1=" " ind2=" ">
   <subfield code="a">2nd ed.</subfield>
  </datafield>
  <datafield tag="260" ind1=" " ind2=" ">
   <subfield code="a">Oxford ;</subfield>
   <subfield code="a">Boston :</subfield>
   <subfield code="b">Butterworth-Heinemann,</subfield>
   <subfield code="c">1998.</subfield>
  </datafield>
  <datafield tag="300" ind1=" " ind2=" ">
   <subfield code="a">1 online resource (220 p.) :</subfield>
   <subfield code="b">ill.</subfield>
  </datafield>
  <datafield tag="504" ind1=" " ind2=" ">
   <subfield code="a">Includes bibliographical references and index.</subfield>
  </datafield>
  <datafield tag="505" ind1="0" ind2=" ">
   <subfield code="a">Ch. 1. Main Dimensions and Main Ratios -- Ch. 2. Lines Design -- Ch. 3. Optimization in Design -- Ch. 4. Some Unconventional Propulsion Arrangements -- Ch. 5. Computation of Weights and Centres of Mass -- Ch. 6. Ship Propulsion -- App. Stability regulations.</subfield>
  </datafield>
  <datafield tag="520" ind1=" " ind2=" ">
   <subfield code="a">The previous edition of Ship Design for Efficiency and Economy was published as a Butterworth's marine engineering title. It has now been completely revised and updated by Schneekluth and Bertram. This book gives advice to students and naval architects on how to design ships - in particular with regard to hull design. The previous edition of this book was published in 1987. Since then, there have been numerous important developments in this area and the new additions to this book reflect these changes. Chapter 3 has been completely rewritten with added information on methodology of optimization, optimization shells and concept exploration methods. There is also a new sub-chapter on Computational Fluid Dynamics (CFD) for ship-hull design. Plus, a new method to predict ship resistance based on the evaluation of modern ship hull design will be detailed. The emphasis of the this book is on design for operational economy. The material is directly usable not only in practice, in the design office and by shipowners, but also by students at both undergraduate and postgraduate levels.</subfield>
  </datafield>
  <datafield tag="650" ind1=" " ind2="4">
   <subfield code="a">Naval architecture.</subfield>
  </datafield>
  <datafield tag="655" ind1=" " ind2="4">
   <subfield code="a">Electronic books.</subfield>
  </datafield>
  <datafield tag="700" ind1="1" ind2=" ">
   <subfield code="a">Bertram, Volker.</subfield>
  </datafield>
  <datafield tag="852" ind1=" " ind2=" ">
   <subfield code="a">INST</subfield>
   <subfield code="b">UNIPILB</subfield>
   <subfield code="c">EBOOKS</subfield>
   <subfield code="e">20140821</subfield>
   <subfield code="p">00b48238</subfield>
   <subfield code="q">00b48238</subfield>
   <subfield code="t">ONLINE</subfield>
   <subfield code="y">0</subfield>
  </datafield>
  <datafield tag="856" ind1="4" ind2=" ">
   <subfield code="u">http://www.sciencedirect.com/science/book/9780750641333</subfield>
  </datafield>
  <datafield tag="856" ind1="4" ind2=" ">
   <subfield code="d">/webopac/covers/03/48238_9780080517100.jpg</subfield>
   <subfield code="z">(electronic bk.)</subfield>
  </datafield>
  <datafield tag="856" ind1="4" ind2=" ">
   <subfield code="d">/webopac/covers/03/48238_0080517102.jpg</subfield>
   <subfield code="z">(electronic bk.)</subfield>
  </datafield>
  <datafield tag="856" ind1="4" ind2=" ">
   <subfield code="d">/webopac/covers/03/48238_0750641339.jpg</subfield>
  </datafield>
  <datafield tag="856" ind1="4" ind2=" ">
   <subfield code="d">/webopac/covers/03/48238_9780750641333.jpg</subfield>
  </datafield>
 </record>
</collection>
